Les langues du monde / (Record no. 101799)

MARC details
000 -LEADER
campo de control de longitud fija 00598nam a2200181 i 4500
001 - NÚMERO DE CONTROL
campo de control 101799
003 - IDENTIFICADOR DE NÚMERO DE CONTROL
campo de control ES-MaACL
005 - FECHA Y HORA DE LA ÚLTIMA TRANSACCIÓN
campo de control 20230906183000.0
007 - CAMPO FIJO DE DESCRIPCIÓN FÍSICA--INFORMACIÓN GENERAL
campo de control de longitud fija t|
008 - DATOS DE LONGITUD FIJA--INFORMACIÓN GENERAL
campo de control de longitud fija 051025s1924 fr ||||1| fre d
100 1# - ENTRADA PRINCIPAL--NOMBRE DE PERSONA
Nombre de persona Meillet, Antoine (
Fechas asociadas al nombre 1866-1936)
9 (RLIN) 79843
245 14 - MENCIÓN DEL TÍTULO
Título Les langues du monde /
Mención de responsabilidad, etc. par un groupe de linguistes sous la direction de A. Meillet et Marcel Cohen.
260 ## - PUBLICACIÓN, DISTRIBUCIÓN, ETC.
Lugar de publicación, distribución, etc. Paris :
Nombre del editor, distribuidor, etc. [s.n.],
Fecha de publicación, distribución, etc. 1924 (
Fabricante Protat Frères)
300 ## - DESCRIPCIÓN FÍSICA
Extensión 811 p., 18 map. ;
Dimensiones 25 cm.
650 #4 - PUNTO DE ACCESO ADICIONAL DE MATERIA--TÉRMINO DE MATERIA
Término de materia o nombre geográfico como elemento de entrada Lenguas-
Subdivisión general Clasificación.
9 (RLIN) 14354
700 1# - ENTRADA AGREGADA--NOMBRE PERSONAL
Nombre de persona Cohen, Marcel.
9 (RLIN) 39505
852 ## - LOCALIZACIÓN
Ubicación ES-MaACL
Número de control de estantería B-3437
Sublocalización o colección R.5022
Holdings
Estatus retirado Estado de pérdida Estado de daño No para préstamo Biblioteca de origen Biblioteca actual Ubicación en estantería Fecha de adquisición Fuente de adquisición Total de préstamos Signatura topográfica completa Código de barras Visto por última vez Precio de reemplazo Tipo de ítem Koha
        Biblioteca del Ateneo de Madrid Biblioteca del Ateneo de Madrid Sala Pardo Bazán 17/01/2008     B-3437 1106275 23/02/2023 23/02/2023 Libro impreso